000 00461nam a2200169 a 4500
001 0000-9392
003 ELIB.Books
008 110520 1945
035 _a(ELIB.Books)0000-9544
082 _a225
_bCar
100 _aCarver, William Owen
245 _aWhy they Wrote the New Testament
260 _bNashville: The Sunday School Board of the S. B. C.
_c1945
650 _aNew Testament
942 _2ddc
_cBK
998 _cbat
_e2011-05-20
999 _c9392
_d9392